书目信息 |
| 题名: |
设施果树高效实用栽培与安全施肥
|
|
| 作者: | 张洪昌 , 李星林 , 段继贤 主编 | |
| 分册: | ||
| 出版信息: | 北京 中国科学技术出版社 2017 |
|
| 页数: | 290页 | |
| 开本: | 21cm | |
| 丛书名: | ||
| 单 册: | ||
| 中图分类: | S628.5 , S660.6 | |
| 科图分类: | ||
| 主题词: | 果树园艺--guo shu yuan yi--设施农业 , 果树--guo shu--施肥 | |
| 电子资源: | ||
| ISBN: | 978-7-5046-7388-6 | |
| 000 | 01114nam0 2200301 450 | |
| 001 | 012001002488 | |
| 005 | 20140101115438.0 | |
| 010 | @a978-7-5046-7388-6@dCNY29.00 | |
| 099 | @aCAL 012017011312 | |
| 100 | @a20170210d2017 em y0chiy50 ea | |
| 101 | 0 | @achi |
| 102 | @aCN@b110000 | |
| 105 | @aak a 000yy | |
| 106 | @ar | |
| 200 | 1 | @a设施果树高效实用栽培与安全施肥@Ashe shi guo shu gao xiao shi yong zai pei yu an quan shi fei@f张洪昌, 李星林, 段继贤主编 |
| 210 | @a北京@c中国科学技术出版社@d2017 | |
| 215 | @a290页@c图@d21cm | |
| 320 | @a有书目 (第289-290页) | |
| 330 | @a本书笔者从生产实际出发, 广泛收集了设施果树栽培与安全施肥的生产实践经验和科研成果, 在阐述设施果树栽培与安全施肥相关技术的基础上, 着重介绍了10种主要果树设施与安全施肥以及病虫害防治新技术。 | |
| 606 | 0 | @a果树园艺@Aguo shu yuan yi@x设施农业 |
| 606 | 0 | @a果树@Aguo shu@x施肥 |
| 690 | @aS628.5@v5 | |
| 690 | @aS660.6@v5 | |
| 701 | 0 | @a张洪昌@Azhang hong chang@4主编 |
| 701 | 0 | @a李星林@Ali xing lin@4主编 |
| 701 | 0 | @a段继贤@Aduan ji xian@4主编 |
| 801 | 0 | @aCN@b北京卓展@c20191020 |
| 905 | @b1203621-4@dS628.5@e534@f4 | |
| 设施果树高效实用栽培与安全施肥/张洪昌, 李星林, 段继贤主编.-北京:中国科学技术出版社,2017 |
| 290页:图;21cm |
| ISBN 978-7-5046-7388-6:CNY29.00 |
| 本书笔者从生产实际出发, 广泛收集了设施果树栽培与安全施肥的生产实践经验和科研成果, 在阐述设施果树栽培与安全施肥相关技术的基础上, 着重介绍了10种主要果树设施与安全施肥以及病虫害防治新技术。 |
| ● |
| 相关链接 |
|
|
|
|
正题名:设施果树高效实用栽培与安全施肥
索取号:S628.5/534
 
预约/预借
| 序号 | 登录号 | 条形码 | 馆藏地/架位号 | 状态 | 备注 |
| 1 | 1203621 | 212036214 | 第二样本阅览室/ [索取号:S628.5/534] | 在馆 | |
| 2 | 1203622 | 212036223 | 第三借阅区/ [索取号:S628.5/534] | 在馆 | |
| 3 | 1203623 | 212036232 | 第三借阅区/ [索取号:S628.5/534] | 在馆 | |
| 4 | 1203624 | 212036241 | 第三借阅区/ [索取号:S628.5/534] | 在馆 |